000 00376nam a2200145Ia 4500
008 231129s2003||||xx |||||||||||||| ||spa||
020 _a84-8310-464-4
040 _bspa
082 _a920.5 L668q
100 _aLévy Bernard-Henri
245 0 _aQuién mató a Daniel Pearl?
260 _c2003
264 _aTusquets
942 _2ddc
_cBKS
999 _c23633
_d23633